| 000 | 01023nam a22002657a 4500 | ||
|---|---|---|---|
| 001 | 4622 | ||
| 003 | FISKH | ||
| 005 | 20240918111223.0 | ||
| 008 | 240918b cb ||||| |||| 00| 0 eng d | ||
| 020 | _a9780545321952 | ||
| 040 |
_aFISKH _beng _cFISKH _dFISKH |
||
| 050 | _aPZ7.B82816 | ||
| 082 | _2813.54 | ||
| 100 |
_aBruchac, Joseph _d1942- |
||
| 245 |
_aBearwalker / _cJoseph Bruchac illustrations by Sally Wern Comport |
||
| 250 | _aFirst printing in 2010 | ||
| 260 |
_aNew York : _bScholastic, _c2010. |
||
| 300 |
_a208 pages : _billustrations ; _c20cm |
||
| 520 | _aAlthough the littlest student in his class, thirteen-year-old Baron Braun calls upon the strength and wisdom of his Mohawk ancestors to face both man and beast when he tries to get help for his classmates, who are being terrorized during a school field trip in the Adirondacks. | ||
| 650 |
_2Native Americans _aNew York State |
||
| 650 |
_2Folklore _aAnimals |
||
| 700 |
_aComport, Wern Sally _dIllustrator |
||
| 942 |
_2ddc _cBK _n0 |
||
| 999 |
_c4622 _d4622 |
||